En las grietas de tu espalda / (Registro nro. 10683)
[ vista simple ]
| 000 -Cabecera (24) | |
|---|---|
| Campo de control interno | 00627nam a22002174a 4500 |
| 001 - Número de control | |
| Campo de control | BIBLIOTECA MUNICIPAL DE BARRANCO |
| 007 - Tipo material - Descripcion fisica - info general | |
| Tipo material | ta |
| 008 - Códigos de longitud fija (40p) | |
| Campo de control de longitud fija | t pe gr 00| 0 spa d |
| 017 ## - DEPOSITO LEGAL (PERÚ) | |
| Número Depósito Legal | 2002-1085 |
| 040 ## - Origen de la Catalogacion | |
| Origen de la Catalogacion | BIBLIOTECA MUNICIPAL DE BARRANCO |
| 041 ## - Código de idioma (R) | |
| Código de lengua del texto/banda sonora o título independiente (R) | spa |
| 043 ## - Pais ISO | |
| País ISO | pe |
| 082 ## - Número de la Clasificación | |
| Numero de edición | 869.56 |
| Número de documento/Ítem | L97G 2001. |
| 100 ## - Autor Personal | |
| Autor Personal | Luque, Leoncio, 1964- |
| 245 ## - Titulo | |
| Titulo | En las grietas de tu espalda / |
| Mencion del autor | Leoncio Luque Ccota. |
| 250 ## - Mencion de edicion | |
| Edicion | 1a ed. |
| 260 ## - Pie de imprenta | |
| Ciudad | Lima : |
| Editorial | Eds. Noble Katerba; |
| Año | 2001. |
| 300 ## - Descripcion | |
| Páginas | 33 p. ; |
| Dimensiones | 18 cm. |
| 650 #0 - Temas - Descriptores | |
| 9 (RLIN) | 2182 |
| Temas - Descriptores | Poesías peruanas - Siglo XX. |
| 942 ## - Datos personalizados Koha | |
| Tipo de Documento | Libros |
| Fecha procesamiento | 2025-02-17 |
| Catalogador | AAOH |
| Fuente de Clasificacion | Deterioro (estado) | Ubicacion permanente | Ubicacion actual | Fecha de Ingreso a la Biblioteca | Numero inventario | Prestamos | Signatura Topográfica | Código de barras | Ultima fecha de verificacion | Tipo de Item | Ubicación en edificio | Precio dolares |
|---|---|---|---|---|---|---|---|---|---|---|---|---|
| Dewey Decimal Classification | Biblioteca Municipal Manuel Beingolea | Biblioteca Municipal Manuel Beingolea | 02/17/2025 | 005736 | 869.56 L97G 2001 | 005736 | 02/17/2025 | Libros | Estantería cerrada |





